000 01084cam a2200205 4500
001 WB3913-20
008 030401n2003 000 0 eng u
035 _a(Sirsi) u121845
245 _aHighways Agency consultation published
260 _c2003
490 _aHighways Agency Press Release
_v(HA012/03) 31 March 2003 (2)
520 _aThe Highways Agency has published a consultation on the use of PFI in improving the maintenance of motoways and trunk roads in England. The consultation document "Private finance in highways maintenance" is available from the Highways Agency site, http://www.highways.gov.uk/roads/projects/pfmd/index.htm. Comments can be returned to Y Patel, Highways Agency, Room 120 Heron House, Bedford MK40 3LL or e [email protected]. Highways Agency News Release http://www.highways.gov.uk/news/press_releases/general/2003_03_31.htm
590 _aWB
650 _aHIGHWAY MAINTENANCE
650 _aHIGHWAY IMPROVEMENTS
650 _aPFI
650 _aPUBLIC CONSULTATIONS
690 _aTRANSPORT AND COMMUNICATIONS
942 _n0
999 _c72405
_d72405